000 00543nam a2200193 a 4500
001 1765881797651
003 YourLibrary
005 20251216161636.0
008 251216s1991##################000#0#eng##
020 _a9780521407755
082 0 4 _a200.973
_bLAC
100 1 _aLacey, Michael James,
_eauthor.
245 1 0 _aReligion and Twentieth-Century American Intellectual Life :
260 _bCambridge University Press,
_c1991.
300 _a228 pages
650 0 _aHistory.
942 _cENGLISH
040 _aYourLibrary
_beng
_cYourLibrary
999 _c602841
_d602841